Van Gogh el suicidado por la sociedad

Gorde:
Xehetasun bibliografikoak
Egile nagusia: Artaud, Antonin (Egilea)
Formatua: Liburua
Hizkuntza:gaztelania
Argitaratua: Buenos Aires Need 1998
Gaiak:
Etiketak: Etiketa erantsi
Etiketarik gabe, Izan zaitez lehena erregistro honi etiketa jartzen!

MARC

LEADER 00000nam a2200000 a 4500
001 UCO5665
003 CL-VaPUC
008 000908e19980000AG |||||||||||||||||spa|d
082 0 4 |a 848  |b ART  |2 21 
100 0 |a Artaud, Antonin  |e author  |9 438260 
245 1 0 |a Van Gogh el suicidado por la sociedad 
300 |a 71 p 
942 |c BK 
945 |d 20000908 00:00:00  |a vberengu 
260 |a Buenos Aires  |b Need  |c 1998 
600 0 7 |a GOGH, VINCENT VAN  |2 CL-VaPUC  |9 266905 
650 0 |a Crítica e interpretación   |9 255042 
650 7 |a PINTORES HOLANDESES  |2 CL-VaPUC  |9 450385 
650 0 |a Pintura holandesa  |9 267860 
583 |a last modification  |c 20000908 00:00:00  |k Rodrigo Vera 
999 |c 291508  |d 291506 
952 |0 0  |1 1  |2 ddc  |4 0  |6 848_000000000000000_ART_1998  |7 0  |8 A  |9 341378  |a BIBART  |b BIBART  |d 2019-11-20  |i 364961K  |o 848 ART 1998  |p 364961K  |r 2019-11-20  |w 2019-11-20  |y BK  |k ART